| 000 | 01035 a2200277 4500 | ||
|---|---|---|---|
| 005 | 20251208153043.0 | ||
| 008 | 251208b |||||||| |||| 00| 0 eng d | ||
| 020 | _a9781433836732 (pbk) | ||
| 037 | _cTB | ||
| 040 |
_aCRL _cCRL |
||
| 041 |
_2eng _aeng |
||
| 084 |
_aSN1:5-86 R3 _qCRL |
||
| 100 |
_aLevenson, Hanna _9822248 |
||
| 245 | _aDeliberate practice in psychodynamic psychotherapy | ||
| 260 |
_aWashington, USA: _bAmerican Psychological Association, _c2023. |
||
| 300 | _axv, 279p. | ||
| 365 |
_b43.99 _cUSD |
||
| 490 | _aEssentials of deliberate practice series. Editor Tony Rousmaniere and Alexandre Vaz | ||
| 650 |
_aPsychology _9855273 |
||
| 650 |
_aPsycho - Therapy _9855274 |
||
| 650 |
_aBehoviours _9855275 |
||
| 700 |
_aGay, Volney _eauthor. _9855276 |
||
| 700 |
_aBinder, Jeffrey L. _eauthor. _9855277 |
||
| 942 |
_cTB _2CC _n0 _hSN1:5-86 R3 |
||
| 999 |
_c1436025 _d1436025 |
||